A bevándorlás hatásai Magyarországra és annak kezelésének a következményei a társadalomban és az Európai Unióban

Bibliográfiai részletek
Szerző: Olajos Lilla
További közreműködők: Gyene Dr. Pál
Dokumentumtípus: Diplomadolgozat
Kulcsszavak:Bevándorlás
Magyarország
Európai Unió
Online Access:http://dolgozattar.uni-bge.hu/21096

MARC

LEADER 00000nta a2200000 i 4500
001 dolg21096
005 20200508132432.0
008 190511suuuu hu om 000 hun d
040 |a BGE Dolgozattár Repozitórium  |b hun 
041 |a hu 
100 1 |a Olajos Lilla 
245 1 2 |a A bevándorlás hatásai Magyarországra és annak kezelésének a következményei a társadalomban és az Európai Unióban  |c Olajos Lilla  |h [elektronikus dokumentum] 
695 |a Bevándorlás 
695 |a Magyarország 
695 |a Európai Unió 
700 1 |a Gyene Dr. Pál  |e ths 
856 4 0 |u http://dolgozattar.uni-bge.hu/21096/1/Olajos-Lilla_szakdolgozat_v%C3%A9gleges.pdf  |z Dokumentum-elérés